| 000 | 01195cam a22002891a 4500 | ||
|---|---|---|---|
| 001 | ne 67000834 | ||
| 003 | DLC | ||
| 005 | 20260227111831.0 | ||
| 008 | 910508s1963 le b 000 0 arar | ||
| 010 | _ane 67000834 | ||
| 035 | _a(OCoLC)23718461 | ||
| 040 |
_aDLC _cMnU _dDLC |
||
| 042 | _apremarc | ||
| 043 |
_af-ua--- _aa-sy--- |
||
| 050 | 0 | 0 |
_aDT95.5 _b.I184 |
| 100 | 2 |
_aIbn Ṭūlūn, Shams al-Dīn Muḥammad ibn ʻAlī, _d1485?-1546. |
|
| 245 | 1 | 0 |
_aUmarāʼ Miṣr fī al-Islām / _cli-Ibn Ṭūlūn. Tazwīj Fāṭimah bint al-Rasūl / lil-Imām al-Bāqir. Rasāʼil lil-ʻImād wa-al-Qāḍī al-Fāḍil bi-madḥ Dimashq / nasharahā Ṣalāh al-Dīn al-Munajjid. |
| 260 |
_aBayrūt : _bDār al-Kitāb al-Jadīd, _c[1963?] |
||
| 300 |
_a86 p. ; _c25 cm. |
||
| 440 | 0 |
_aRasāʼil wa-al-nuṣūs ; _v1 |
|
| 504 | _aIncludes bibliographical references. | ||
| 651 | 0 |
_aEgypt _xHistory _y640-1250. |
|
| 651 | 0 |
_aSyria _xHistory _xSources. |
|
| 700 | 1 | _aMunajjid, Ṣalāḥ al-Dīn. | |
| 700 | 0 | 2 |
_aMuḥammad al-Bāqir ibn ʻAlī Zayn al-ʻĀbidīn, _d-731 or 732. _tTazwīj Fāṭimah bint al-Rasūl. |
| 740 | 0 | _aRasāʼil lil-ʻImād wa-al-Qāḍī al-Fāḍil bi-madḥ Dimashq. | |
| 999 |
_c49566 _d49566 |
||